[Event "Leipzig VfB op 19th"]
[Site "Leipzig"]
[Date "2012.03.11"]
[Round "9"]
[White "Wesemann, Christian"]
[Black "Boehme, Ralf"]
[Result "1/2-1/2"]
[WhiteElo "1659"]
[BlackElo "1974"]
[PlyCount "67"]
[EventDate "2012.03.06"]
[EventType "swiss"]
[EventRounds "9"]
[EventCountry "GER"]
[SourceTitle "CBM 147 Extra"]
[Source "ChessBase"]
[SourceDate "2012.04.24"]
[SourceVersion "1"]
[SourceVersionDate "2012.04.24"]
[SourceQuality "1"]

1. d4 Nf6 2. Nf3 e6 3. e3 c5 4. c4 b6 5. Be2 Bb7 6. 0-0 Be7 7. Nc3 0-0 8. b3 d5 9. Bb2 cxd4 10. Nxd4 Nbd7 11. cxd5 Nxd5 12. Bf3 N7f6 13. Rc1 Rc8 14. Qd2 Qd7 15. Rc2 Rfd8 16. Nxd5 Bxd5 17. Bxd5 Nxd5 18. Rxc8 Rxc8 19. Nf3 Qb5 20. Rc1 Rxc1+ 21. Qxc1 Qc5 22. Qd2 Qc8 23. h3 Bb4 24. Qe2 a6 25. Nd4 b5 26. Qc2 Qxc2 27. Nxc2 Bc5 28. Kf1 f6 29. Ke2 Kf7 30. Kd3 Ke7 31. Bc3 g6 32. Bd2 f5 33. Bc3 Kd6 34. f4 1/2-1/2